|
|
|
|
| LEADER |
01560nam a2200289 4500 |
| 001 |
19128 |
| 003 |
BD-DhAAL |
| 005 |
20241212163652.0 |
| 008 |
230711t2006 ii ||||| b||| 00| 0 ben d |
| 041 |
|
|
|a ben
|
| 082 |
|
|
|a 954.03/1
|2 20
|
| 100 |
|
|
|a রায়, তারাপদ.
|
| 245 |
|
|
|a সাঁওতাল বিদ্রোহের রোজনামচা /
|c তারাপদ রায়; ভূমিকা বুদ্ধদেব ভট্টাচার্য.
|
| 246 |
|
|
|a Santal Bidroher Rojnamcha
|
| 250 |
|
|
|a তৃতীয় সংস্করণ.
|
| 260 |
|
|
|a কলকাতা :
|b দে’জ পাবলিশিং (ভারত),
|c ২০০৬.
|
| 300 |
|
|
|a ৮৭ পৃষ্ঠা ;
|c ২১ সে.মি.
|
| 526 |
|
|
|x Requisitioned by Syed M. Hashemi Director, BDI. Freedom Movements and economic Struggles' project at BDI.
Transferred from BDI to BIGD.
|
| 541 |
|
|
|e 19128
|
| 650 |
|
|
|a Santal Rebellion, 1855-1856.
|9 55024
|
| 650 |
|
|
|a Santal Rebellion, India, 1855-1856.
|9 55025
|
| 650 |
|
|
|a Santal (South Asian people).
|9 55026
|
| 700 |
|
|
|a ভট্টাচার্য, বুদ্ধদেব.
|9 55027
|
| 852 |
|
|
|a Ayesha Abed Library
|c General Stacks
|
| 942 |
|
|
|2 ddc
|c BK
|
| 999 |
|
|
|c 45953
|d 45953
|
| 952 |
|
|
|0 0
|1 0
|2 ddc
|4 0
|6 954_031000000000000_ROY
|7 0
|9 73897
|a BIGD
|b BIGD
|c GEN
|d 2023-07-11
|e Dutta book stall
|g 40.00
|l 0
|o 954.031 ROY
|p 3050019128
|r 2023-07-11
|t 1
|w 2023-07-11
|y BK
|x Transferred from BDI to BIGD. Requisitioned by Syed M. Hashemi Director, BDI. Freedom Movements and economic Struggles' project at BDI.
|